Science Quiz

Random Science or Math Quiz

Divisibility Minefield Quiz Stats

 Plays Quiz Updated Oct 4, 2012

Also try: Odd Number Out
Challenge
Share
Tweet
Embed
Score 0/20 Timer 05:00
0 Plays Today
% Correct
???
96.5%
???
88%
???
86.6%
???
55%
???
50.2%
???
48.9%
???
47.2%
???
43.4%
???
35.6%
???
35.5%
% Correct
???
34.9%
???
29.8%
???
29.1%
???
25.8%
???
25.4%
???
24.2%
???
23.8%
???
23.3%
???
23.2%
???
19.2%

You're not logged in!

Compare scores with friends on all Sporcle quizzes.
Join for Free
OR
Log In

You Might Also Like...

Show Comments

Extras

Top Quizzes Today


Score Distribution

Your Account Isn't Verified!

In order to create a playlist on Sporcle, you need to verify the email address you used during registration. Go to your Sporcle Settings to finish the process.

Report this User

Report this user for behavior that violates our Community Guidelines.

Details: